00868nam a2200133 4500008001200000020001800012082001700030100001800047245007600065260003000141300002300171505042400194650011600618370.1 F866m a9786070307928 b370.12F866m aFreire, Paulo aEl maestro sin recetasbEl desafío de enseñar en un mundo cambiante aMéxicobSiglo XXIc2016 a192 p.c21 x 14 cm tPresentacióntDerechos humanos y educación liberadoratEducar al educadortUna conversación con alumnostLa alfabetización desde la perspectiva de la educación populartAlfabetización: lectura del mundo, lectura de la palabratDebate sobre la posmodernidadtCambiar es difícil, pero posibletAlfabetización en cienciastPosfacio, Olgair Gomes GarcíatFuentes de los extostReferencias bibliográficas xEducaciónxpedagogía críticaxeducación - filosofíaxeducación - aspectos socialesxalfabetizacón